[Event "Sherbrooke op-C"]
[Site "Sherbrooke CAN"]
[Date "2004.05.29"]
[Round "2"]
[White "Roy, Alexandre"]
[Black "Rodovic, Miladin"]
[Result "0-1"]
[WhiteElo "1091"]
[BlackElo "1358"]
[PlyCount "40"]
[GameId "2160767911225801"]
[EventDate "2004.??.??"]
[EventType "swiss"]
[EventRounds "5"]
[EventCountry "CAN"]
[SourceTitle "EXT 2006"]
[Source "ChessBase"]
[SourceDate "2005.11.24"]
[SourceVersion "1"]
[SourceVersionDate "2005.11.24"]
[SourceQuality "1"]

1. c4 e5 2. Nc3 Nf6 3. g3 c6 4. Bg2 Bb4 5. Qc2 O-O 6. a3 Bxc3 7. Qxc3 Re8 8. Nf3 e4 9. Nd4 d5 10. b3 c5 11. Nc2 d4 12. Qb2 d3 13. exd3 exd3+ 14. Ne3 Nc6 15. Bxc6 bxc6 16. O-O Bh3 17. Ng2 Qe7 18. Qc3 Qe4 19. f3 Qe2 20. Nf4 Qxf1# 0-1

[Event "Sherbrooke op-C"]
[Site "Sherbrooke CAN"]
[Date "2004.05.29"]
[Round "2"]
[White "Roy, Samuel"]
[Black "Mercier, Jonathan"]
[Result "1-0"]
[WhiteElo "1453"]
[BlackElo "1108"]
[PlyCount "85"]
[GameId "2160767911225802"]
[EventDate "2004.??.??"]
[EventType "swiss"]
[EventRounds "5"]
[EventCountry "CAN"]
[SourceTitle "EXT 2006"]
[Source "ChessBase"]
[SourceDate "2005.11.24"]
[SourceVersion "1"]
[SourceVersionDate "2005.11.24"]
[SourceQuality "1"]

1. e4 e5 2. Nf3 Nc6 3. Bb5 a6 4. Ba4 Nf6 5. Qe2 d6 6. c3 Bd7 7. O-O Qe7 8. d3 O-O-O 9. b4 Na7 10. Bb3 Bc6 11. Be3 b6 12. c4 Kb7 13. Nc3 Nd7 14. a4 d5 15. exd5 Qxb4 16. dxc6+ Nxc6 17. Qc2 Nc5 18. Bxc5 Qxc5 19. Ne4 Qe7 20. Rfb1 f5 21. Ng3 g6 22. Qe2 Bg7 23. Ra2 Nb4 24. Rd2 a5 25. Ne1 c5 26. Nf3 Nc6 27. Bd1 Rd6 28. Qe1 Bh6 29. Rdb2 Nb4 30. Qxe5 Qxe5 31. Nxe5 Bg7 32. f4 Nxd3 33. Bf3+ Ka6 34. Rd2 Rd4 35. Nxd3 Rhd8 36. Bd5 Re8 37. Ne2 Rxe2 38. Rxe2 Rxd3 39. Re6 Bd4+ 40. Kf1 Ka7 41. Re7+ Ka6 42. Bb7+ Ka7 43. Be4+ 1-0

[Event "Sherbrooke op-C"]
[Site "Sherbrooke CAN"]
[Date "2004.05.29"]
[Round "2"]
[White "Rozybakiyev, Ilchin"]
[Black "Laplante, Guy"]
[Result "1-0"]
[WhiteElo "1384"]
[BlackElo "1187"]
[PlyCount "63"]
[GameId "2160767911225803"]
[EventDate "2004.??.??"]
[EventType "swiss"]
[EventRounds "5"]
[EventCountry "CAN"]
[SourceTitle "EXT 2006"]
[Source "ChessBase"]
[SourceDate "2005.11.24"]
[SourceVersion "1"]
[SourceVersionDate "2005.11.24"]
[SourceQuality "1"]

1. e4 e5 2. Nf3 Nc6 3. d4 d5 4. exd5 Qxd5 5. Nc3 Bb4 6. Bd2 Bxc3 7. Bxc3 exd4 8. Nxd4 Nxd4 9. Bxd4 Ne7 10. Bxg7 Qe4+ 11. Qe2 Qxe2+ 12. Bxe2 Rg8 13. Be5 Rxg2 14. Bxc7 Bf5 15. Bf3 Rc8 16. Bxb7 Rxc7 17. Bxg2 Rxc2 18. b3 Bd3 19. Bf1 Be4 20. Rg1 Nf5 21. Rg4 Nd6 22. Bg2 f5 23. Bxe4 Nxe4 24. Rf4 Rc5 25. f3 Ng5 26. Rd1 Re5+ 27. Kf1 Ne6 28. Ra4 a5 29. Re1 Rxe1+ 30. Kxe1 Nc5 31. Rxa5 h5 32. Rxc5 1-0

[Event "Sherbrooke op-C"]
[Site "Sherbrooke CAN"]
[Date "2004.05.29"]
[Round "2"]
[White "Teasdale, Alain"]
[Black "Beauchesne, Jonathan"]
[Result "1-0"]
[WhiteElo "1442"]
[BlackElo "1083"]
[PlyCount "124"]
[GameId "2160767911225804"]
[EventDate "2004.??.??"]
[EventType "swiss"]
[EventRounds "5"]
[EventCountry "CAN"]
[SourceTitle "EXT 2006"]
[Source "ChessBase"]
[SourceDate "2005.11.24"]
[SourceVersion "1"]
[SourceVersionDate "2005.11.24"]
[SourceQuality "1"]

1. e4 c5 2. Nf3 e6 3. d4 cxd4 4. Nxd4 Nf6 5. Nc3 Nc6 6. Be2 d6 7. Be3 Be7 8. O-O O-O 9. f4 Bd7 10. Ndb5 Qb8 11. a4 a6 12. Na3 Nb4 13. Nc4 b5 14. Nb6 Ra7 15. Nxd7 Rxd7 16. axb5 axb5 17. Nxb5 Nc6 18. Qd3 d5 19. e5 Ne4 20. c3 Nc5 21. Qc2 Rfd8 22. Nd4 Nxd4 23. Bxd4 Nb3 24. Rab1 Nxd4 25. cxd4 Rc8 26. Qd1 Qb6 27. f5 exf5 28. Rxf5 Rdc7 29. Rf2 Bg5 30. Rf3 Rc1 31. Rxc1 Rxc1 32. Qxc1 Bxc1 33. Rc3 Qxd4+ 34. Kh1 h6 35. Rxc1 g6 36. Rd1 Qxe5 37. Rd2 d4 38. Rc2 d3 39. Rc8+ Kg7 40. Bf1 Qe1 41. Kg1 d2 42. Rd8 d1=Q 43. Rxd1 Qxd1 44. g3 Qd4+ 45. Kg2 Qxb2+ 46. Kf3 Qxh2 47. Be2 f5 48. Bf1 g5 49. Bg2 Qh5+ 50. Kf2 Qf7 51. Kg1 h5 52. Kh2 f4 53. gxf4 Qxf4+ 54. Kg1 Qg3 55. Kh1 h4 56. Bd5 h3 57. Ba8 Qe1+ 58. Kh2 g4 59. Bb7 Qd2+ 60. Kg3 h2 61. Kxg4 Qb4+ 62. Kg3 Qxb7 1-0

[Event "Sherbrooke op-C"]
[Site "Sherbrooke CAN"]
[Date "2004.05.29"]
[Round "2"]
[White "Vincent, Pascal"]
[Black "Beaudry, Marc-Andre"]
[Result "0-1"]
[WhiteElo "1254"]
[BlackElo "1421"]
[PlyCount "106"]
[GameId "2160767911225806"]
[EventDate "2004.??.??"]
[EventType "swiss"]
[EventRounds "5"]
[EventCountry "CAN"]

1. e4 c5 2. Nc3 e6 3. g3 Be7 4. d3 Nc6 5. Bg2 Nf6 6. f4 d6 7. Nf3 a6 8. a4 O-O 9. O-O Bd7 10. e5 dxe5 11. Nxe5 Be8 12. Be3 Qb6 13. Nc4 Qc7 14. Ne4 b6 15. Nxf6+ Bxf6 16. c3 Rd8 17. Be4 g6 18. Qg4 Bg7 19. f5 exf5 20. Bxf5 gxf5 21. Rxf5 Ne7 22. Rh5 Qd7 23. Qh4 Ng6 24. Qe4 Qxd3 25. Qxd3 Rxd3 26. Bh6 Bxh6 27. Rxh6 b5 28. axb5 axb5 29. Nb6 Bc6 30. c4 Rb8 31. cxb5 Rxb6 32. bxc6 Rxc6 33. Rh5 c4 34. Rb5 Rc7 35. Rc1 c3 36. bxc3 Rdxc3 37. Rxc3 Rxc3 38. Kg2 Kg7 39. h4 Rc2+ 40. Kf3 h6 41. h5 Ne7 42. Kf4 Rd2 43. g4 Rd4+ 44. Kg3 Kf6 45. Rb6+ Kg5 46. Rb5+ Rd5 47. Rb7 Re5 48. Rb4 Nd5 49. Rb7 Re7 50. Rb5 Re5 51. Rb7 Ne7 52. Rb4 f5 53. Rf4 Re3+ 0-1

[Event "Sherbrooke op-C"]
[Site "Sherbrooke CAN"]
[Date "2004.05.29"]
[Round "3"]
[White "Allen, Marc-Antoine"]
[Black "Lafleur, Sebastien"]
[Result "1-0"]
[WhiteElo "1451"]
[BlackElo "1158"]
[PlyCount "51"]
[GameId "2160767911225807"]
[EventDate "2004.??.??"]
[EventType "swiss"]
[EventRounds "5"]
[EventCountry "CAN"]
[SourceTitle "EXT 2006"]
[Source "ChessBase"]
[SourceDate "2005.11.24"]
[SourceVersion "1"]
[SourceVersionDate "2005.11.24"]
[SourceQuality "1"]

1. e4 e6 2. d4 d5 3. Nc3 dxe4 4. Nxe4 Nf6 5. Bg5 Be7 6. Bd3 Nxe4 7. Bxe7 Qxe7 8. Bxe4 Nc6 9. c3 Bd7 10. Nf3 f5 11. Bc2 O-O-O 12. O-O g5 13. Re1 Qg7 14. b4 g4 15. Ne5 Nxe5 16. Rxe5 h5 17. Bb3 Qf6 18. Qe2 Rde8 19. Re1 Rh6 20. d5 f4 21. dxe6 Bc6 22. Qd2 h4 23. b5 Bxb5 24. Rxb5 h3 25. Qd7+ Kb8 26. Qxe8+ 1-0

[Event "Sherbrooke op-C"]
[Site "Sherbrooke CAN"]
[Date "2004.05.29"]
[Round "3"]
[White "Beauchesne, Jonathan"]
[Black "Roy, Samuel"]
[Result "0-1"]
[WhiteElo "1083"]
[BlackElo "1453"]
[PlyCount "98"]
[GameId "2160767911225808"]
[EventDate "2004.??.??"]
[EventType "swiss"]
[EventRounds "5"]
[EventCountry "CAN"]
[SourceTitle "EXT 2006"]
[Source "ChessBase"]
[SourceDate "2005.11.24"]
[SourceVersion "1"]
[SourceVersionDate "2005.11.24"]
[SourceQuality "1"]

1. e4 g6 2. d4 Bg7 3. Nf3 d6 4. Bc4 Nf6 5. Nc3 O-O 6. O-O Nxe4 7. Bxf7+ Rxf7 8. Nxe4 b6 9. Rb1 h6 10. Be3 Bg4 11. Ned2 Nc6 12. c3 e5 13. h3 Bf5 14. Ra1 exd4 15. Nxd4 Bxd4 16. Bxd4 Nxd4 17. cxd4 Bd3 18. Re1 Qf8 19. Qb3 Ba6 20. Re4 Re8 21. Rae1 Rxe4 22. Rxe4 Kh7 23. Nf3 Bb7 24. d5 Rf5 25. Qc4 Bxd5 26. Qxc7+ Rf7 27. Qc2 Bxe4 28. Qxe4 Qe7 29. Qd3 Qf6 30. h4 Kg7 31. Qd5 Qxb2 32. Qxd6 Qc1+ 33. Kh2 Qf4+ 34. Qxf4 Rxf4 35. Kg3 Ra4 36. Ne5 Rxa2 37. f4 b5 38. Nc6 Ra3+ 39. Kh2 a5 40. g3 b4 41. Nd4 b3 42. Nb5 Ra2+ 43. Kh3 b2 44. Nc3 Ra1 45. h5 b1=Q 46. Nxb1 Rxb1 47. hxg6 Kxg6 48. g4 a4 49. Kg3 a3 0-1

[Event "Sherbrooke op-C"]
[Site "Sherbrooke CAN"]
[Date "2004.05.29"]
[Round "3"]
[White "Beaudry, Marc-Andre"]
[Black "Belfer, Leon"]
[Result "0-1"]
[WhiteElo "1421"]
[BlackElo "1390"]
[PlyCount "111"]
[GameId "2160767911225809"]
[EventDate "2004.??.??"]
[EventType "swiss"]
[EventRounds "5"]
[EventCountry "CAN"]

1. e4 e5 2. f4 exf4 3. Nf3 d6 4. d4 Nf6 5. Nc3 Nc6 6. Bxf4 Bg4 7. Bb5 a6 8. Bxc6+ bxc6 9. O-O Be7 10. Qe1 O-O 11. Qg3 Bh5 12. Rad1 Bg6 13. Qf2 Nxe4 14. Nxe4 Bxe4 15. Rde1 Bg6 16. Qd2 Re8 17. c4 Qd7 18. Kh1 Bf6 19. b3 Re4 20. Rxe4 Bxe4 21. Bg5 Bxg5 22. Nxg5 Bg6 23. Qf4 Re8 24. h3 h6 25. Nf3 Re6 26. Qg4 Qe7 27. d5 cxd5 28. cxd5 Re2 29. Qc8+ Kh7 30. Qxa6 Qe4 31. a4 Bh5 32. Qc4 Qxc4 33. bxc4 Ra2 34. Rc1 Rxa4 35. Nd4 Ra7 36. Nc6 Rb7 37. Nd4 Bg6 38. Kg1 Bd3 39. Nb5 Bxc4 40. Rxc4 Rxb5 41. Rxc7 Kg6 42. Kf2 Rxd5 43. Ke3 Kf5 44. Rc2 Ke5 45. Rc7 Ke6 46. g4 Ra5 47. h4 h5 48. Rc4 d5 49. Rc7 Ra3+ 50. Kf4 Ra4+ 51. Kg5 hxg4 52. h5 Re4 53. Rb7 g3 54. Rb2 f6+ 55. Kg6 Rg4+ 56. Kh7 0-1

[Event "Sherbrooke op-C"]
[Site "Sherbrooke CAN"]
[Date "2004.05.29"]
[Round "3"]
[White "Brousseau, Stephane"]
[Black "Rozybakiyev, Ilchin"]
[Result "0-1"]
[WhiteElo "1399"]
[BlackElo "1384"]
[PlyCount "81"]
[GameId "2160767911225812"]
[EventDate "2004.??.??"]
[EventType "swiss"]
[EventRounds "5"]
[EventCountry "CAN"]
[SourceTitle "EXT 2006"]
[Source "ChessBase"]
[SourceDate "2005.11.24"]
[SourceVersion "1"]
[SourceVersionDate "2005.11.24"]
[SourceQuality "1"]

1. d4 Nf6 2. c4 g6 3. Nc3 Bg7 4. e4 d6 5. Be2 O-O 6. Nf3 e5 7. d5 a5 8. O-O Na6 9. Ne1 Nc5 10. f3 Ne8 11. b3 f5 12. Rb1 f4 13. a3 Nf6 14. b4 axb4 15. axb4 Ncd7 16. Nd3 b6 17. Bd2 Ba6 18. Nf2 Qe7 19. Ra1 h5 20. Qc2 Nh7 21. Ra4 Bb7 22. Rfa1 Rab8 23. Be1 Rfd8 24. Nd3 g5 25. Bf2 c6 26. dxc6 Bxc6 27. Nd5 Qe6 28. Ra7 Nhf6 29. b5 Bxd5 30. cxd5 Qe8 31. Qc7 Qf8 32. Qc2 Rdc8 33. Rc7 Qd8 34. Raa7 Rxc7 35. Qxc7 Qf8 36. Rb7 Rc8 37. Rb8 Rxc7 38. Rxf8+ Kxf8 39. h3 Rc2 40. Bf1 Nc5 41. Nb4 0-1

[Event "Sherbrooke op-C"]
[Site "Sherbrooke CAN"]
[Date "2004.05.29"]
[Round "3"]
[White "Dubois, Lise"]
[Black "Baril, Andre"]
[Result "1-0"]
[WhiteElo "1130"]
[BlackElo "998"]
[PlyCount "77"]
[GameId "2160767911225813"]
[EventDate "2004.??.??"]
[EventType "swiss"]
[EventRounds "5"]
[EventCountry "CAN"]
[SourceTitle "EXT 2006"]
[Source "ChessBase"]
[SourceDate "2005.11.24"]
[SourceVersion "1"]
[SourceVersionDate "2005.11.24"]
[SourceQuality "1"]

1. e4 e5 2. Nf3 Nc6 3. d4 d6 4. Bc4 h6 5. O-O Nf6 6. Re1 Be7 7. Nc3 a6 8. Be3 O-O 9. h3 Be6 10. d5 Na5 11. Bd3 Bd7 12. b4 Bb5 13. Nxb5 axb5 14. bxa5 Rxa5 15. Bd2 Ra8 16. Bxb5 Rc8 17. a4 c6 18. Bc4 c5 19. a5 Qd7 20. Nh4 Ne8 21. Nf5 Kh7 22. Qh5 Nf6 23. Qf3 g5 24. Reb1 Rg8 25. Bb5 Qc7 26. a6 bxa6 27. Bxa6 Ra8 28. Ba5 Qd7 29. Rb7 Qe8 30. Rxe7 Qf8 31. Bb5 g4 32. Qe3 Rg6 33. Bc6 Ra6 34. h4 Nh5 35. Nxh6 Rxh6 36. Qg5 Nf6 37. Qf5+ Kg7 38. Rc7 Rxh4 39. Qg5+ 1-0

[Event "Sherbrooke op-C"]
[Site "Sherbrooke CAN"]
[Date "2004.05.29"]
[Round "3"]
[White "Letourneau, Alex"]
[Black "Marcouiller, David"]
[Result "1-0"]
[WhiteElo "1386"]
[BlackElo "1185"]
[PlyCount "83"]
[GameId "2160767911225815"]
[EventDate "2004.??.??"]
[EventType "swiss"]
[EventRounds "5"]
[EventCountry "CAN"]
[SourceTitle "EXT 2006"]
[Source "ChessBase"]
[SourceDate "2005.11.24"]
[SourceVersion "1"]
[SourceVersionDate "2005.11.24"]
[SourceQuality "1"]

1. d4 c6 2. e4 d5 3. Nc3 dxe4 4. Nxe4 Bf5 5. Ng3 Bg6 6. Nf3 Qc7 7. Bc4 e6 8. O-O Bd6 9. Re1 Ne7 10. Ne4 Bxe4 11. Rxe4 Nd7 12. Bg5 Nf5 13. Qd3 O-O 14. Rae1 Rfe8 15. Nh4 Bxh2+ 16. Kf1 Nd6 17. R4e3 Nxc4 18. Qxc4 Bf4 19. Bxf4 Qxf4 20. Re4 Qf6 21. Nf3 Nb6 22. Qd3 Rad8 23. c4 Nd7 24. Qd2 Nc5 25. Rf4 Qh6 26. g3 f6 27. Qc2 Nd7 28. Kg2 g6 29. Rh4 Qg7 30. Reh1 Nf8 31. Rh6 e5 32. dxe5 fxe5 33. Ng5 Re7 34. Nxh7 Rd6 35. c5 Rde6 36. Nxf8 Kxf8 37. Rh8+ Kf7 38. R1h7 e4 39. Qc3 Rf6 40. Qd4 Ke6 41. Rxg7 Rxg7 42. Qxe4+ 1-0

[Event "Sherbrooke op-C"]
[Site "Sherbrooke CAN"]
[Date "2004.05.29"]
[Round "3"]
[White "Mercier, Jonathan"]
[Black "Teasdale, Alain"]
[Result "1-0"]
[WhiteElo "1108"]
[BlackElo "1442"]
[PlyCount "61"]
[GameId "2160767911225816"]
[EventDate "2004.??.??"]
[EventType "swiss"]
[EventRounds "5"]
[EventCountry "CAN"]
[SourceTitle "EXT 2006"]
[Source "ChessBase"]
[SourceDate "2005.11.24"]
[SourceVersion "1"]
[SourceVersionDate "2005.11.24"]
[SourceQuality "1"]

1. e4 c5 2. Nf3 Nc6 3. b3 d6 4. Bb2 e5 5. Nc3 Nge7 6. Bc4 h6 7. O-O a6 8. a4 g6 9. Ne2 Bg7 10. c3 Bg4 11. Ng3 O-O 12. h3 Bxf3 13. Qxf3 Na5 14. Qe2 Kh7 15. b4 cxb4 16. cxb4 Nxc4 17. Qxc4 Rc8 18. Qb3 Qb6 19. a5 Qb5 20. d3 d5 21. Rac1 dxe4 22. Nxe4 Nc6 23. Nd6 Qxb4 24. Qxb4 Nxb4 25. Nxc8 Nxd3 26. Rc2 Nxb2 27. Rxb2 Rxc8 28. Rxb7 f5 29. Rd1 Kg8 30. Rd6 g5 31. Rg6 1-0

[Event "Sherbrooke op-C"]
[Site "Sherbrooke CAN"]
[Date "2004.05.29"]
[Round "3"]
[White "Olivier, Luc"]
[Black "Gareau, Jacques"]
[Result "1/2-1/2"]
[WhiteElo "1175"]
[BlackElo "1252"]
[PlyCount "123"]
[GameId "2160767911225817"]
[EventDate "2004.??.??"]
[EventType "swiss"]
[EventRounds "5"]
[EventCountry "CAN"]
[SourceTitle "EXT 2006"]
[Source "ChessBase"]
[SourceDate "2005.11.24"]
[SourceVersion "1"]
[SourceVersionDate "2005.11.24"]
[SourceQuality "1"]

1. d4 c5 2. dxc5 e5 3. c4 Bxc5 4. Nc3 a6 5. Nf3 d6 6. e3 Ne7 7. Be2 h6 8. O-O O-O 9. Ne4 f5 10. Nxc5 dxc5 11. Nxe5 Qb6 12. Qc2 Nbc6 13. Nxc6 Nxc6 14. Bd2 Be6 15. Bc3 Qc7 16. b3 f4 17. e4 f3 18. Bxf3 Rxf3 19. gxf3 Qf4 20. Qe2 Bh3 21. Kh1 Bxf1 22. Rxf1 Ne7 23. Qe3 Qxe3 24. fxe3 Rd8 25. Rf2 Rd3 26. Bd2 Ng6 27. Kg2 Kf7 28. f4 Kf6 29. Kg3 Ne7 30. Kg4 g6 31. e5+ Ke6 32. h4 Nf5 33. Re2 b5 34. cxb5 axb5 35. Kh3 Kd5 36. Rg2 Ne7 37. Kg4 Ke4 38. h5 gxh5+ 39. Kxh5 Nf5 40. Rh2 Kf3 41. Kg6 Ke4 42. Kf6 c4 43. bxc4 bxc4 44. e6 c3 45. Bxc3 Rxc3 46. e7 Rc8 47. Kf7 Rc7 48. Kf8 Rxe7 49. Rxh6 Ra7 50. Re6+ Kf3 51. e4 Nd4 52. Re7 Rxa2 53. f5 Kf4 54. f6 Ra6 55. Kf7 Nc6 56. Re8 Ne5+ 57. Kg7 Kxe4 58. Rxe5+ Kxe5 59. f7 Ra7 60. Kg8 Ra8+ 61. f8=Q Rxf8+ 62. Kxf8 1/2-1/2

[Event "Sherbrooke op-C"]
[Site "Sherbrooke CAN"]
[Date "2004.05.29"]
[Round "3"]
[White "Plante, Marc-Eric"]
[Black "Roy, Alexandre"]
[Result "1-0"]
[WhiteElo "1269"]
[BlackElo "1091"]
[PlyCount "77"]
[GameId "2160767911225818"]
[EventDate "2004.??.??"]
[EventType "swiss"]
[EventRounds "5"]
[EventCountry "CAN"]
[SourceTitle "EXT 2006"]
[Source "ChessBase"]
[SourceDate "2005.11.24"]
[SourceVersion "1"]
[SourceVersionDate "2005.11.24"]
[SourceQuality "1"]

1. e4 b6 2. d4 Bb7 3. Bd3 e6 4. Nf3 c5 5. c3 Nc6 6. O-O g6 7. Bg5 Be7 8. Bxe7 Ngxe7 9. Nbd2 O-O 10. Nc4 d5 11. exd5 Qxd5 12. Ne3 Qd6 13. dxc5 bxc5 14. Qc2 Qf4 15. Rad1 Ne5 16. Nxe5 Qxe5 17. Be2 Qg5 18. g3 f5 19. f4 Qf6 20. Bc4 Kf7 21. Rd7 Bc6 22. Rd6 Qg7 23. Bxe6+ Ke8 24. Rfd1 Bf3 25. R1d2 Nc6 26. Bd7+ Ke7 27. Bxc6 Bxc6 28. Rxc6 Rf7 29. Rc7+ Kf8 30. Rxc5 Re8 31. Ng2 Qf6 32. Qd3 Rfe7 33. Qd6 Qf7 34. Re5 Kg8 35. Rxe7 Rxe7 36. Qd5 Re6 37. Qa8+ Kg7 38. Qd5 Qe7 39. Qd7 1-0

[Event "Sherbrooke op-C"]
[Site "Sherbrooke CAN"]
[Date "2004.05.29"]
[Round "3"]
[White "Pronce, Christian"]
[Black "Vincent, Pascal"]
[Result "1-0"]
[WhiteElo "1190"]
[BlackElo "1254"]
[PlyCount "83"]
[GameId "2160767911225819"]
[EventDate "2004.??.??"]
[EventType "swiss"]
[EventRounds "5"]
[EventCountry "CAN"]
[SourceTitle "EXT 2006"]
[Source "ChessBase"]
[SourceDate "2005.11.24"]
[SourceVersion "1"]
[SourceVersionDate "2005.11.24"]
[SourceQuality "1"]

1. e4 e5 2. Nc3 Bc5 3. Nf3 Nc6 4. Bc4 d6 5. d3 Be6 6. Bxe6 fxe6 7. Ng5 Qf6 8. O-O Nge7 9. Qh5+ Ng6 10. Nxh7 Qf7 11. Bg5 Nce7 12. Bxe7 Kxe7 13. Ne2 Raf8 14. Qg5+ Kd7 15. Nxf8+ Rxf8 16. Qg3 Nf4 17. Rae1 Nh5 18. Qf3 Qxf3 19. gxf3 Rxf3 20. Kg2 Rf6 21. f3 Nf4+ 22. Nxf4 exf4 23. h4 Rg6+ 24. Kh2 c6 25. c3 Bb6 26. b4 Bd8 27. Rg1 Rxg1 28. Rxg1 Bf6 29. c4 d5 30. Rg4 Kd6 31. Kh3 e5 32. Rg2 d4 33. Kg4 Ke6 34. h5 Be7 35. Kh3 Kf7 36. a4 Bxb4 37. Rg5 Bd6 38. Rg6 Be7 39. Kg4 Bf6 40. Kf5 Kf8 41. Ke6 a5 42. c5 1-0

[Event "Sherbrooke op-C"]
[Site "Sherbrooke CAN"]
[Date "2004.05.29"]
[Round "3"]
[White "Rodovic, Miladin"]
[Black "Boissonneault, Benoit"]
[Result "0-1"]
[WhiteElo "1358"]
[BlackElo "1414"]
[PlyCount "46"]
[GameId "2160767911225820"]
[EventDate "2004.??.??"]
[EventType "swiss"]
[EventRounds "5"]
[EventCountry "CAN"]
[SourceTitle "EXT 2006"]
[Source "ChessBase"]
[SourceDate "2005.11.24"]
[SourceVersion "1"]
[SourceVersionDate "2005.11.24"]
[SourceQuality "1"]

1. c4 e5 2. Nc3 Nf6 3. e4 Bb4 4. Nge2 c6 5. a3 Bxc3 6. Nxc3 d5 7. exd5 cxd5 8. d4 exd4 9. Qxd4 Qe7+ 10. Be3 Nc6 11. Nxd5 Nxd4 12. Nxe7 Nc2+ 13. Kd2 Nxa1 14. Nxc8 Rxc8 15. Kc3 Nd5+ 16. Kd4 Nxe3 17. fxe3 Nb3+ 18. Kc3 Nc5 19. b4 Ne6 20. c5 b6 21. Bb5+ Ke7 22. Rd1 Rhd8 23. Rxd8 Kxd8 0-1

[Event "Sherbrooke op-C"]
[Site "Sherbrooke CAN"]
[Date "2004.05.30"]
[Round "4"]
[White "Baril, Andre"]
[Black "Bouffard Seminaro, Marc Antoine"]
[Result "0-1"]
[WhiteElo "998"]
[BlackElo "1103"]
[PlyCount "72"]
[GameId "2160767911225822"]
[EventDate "2004.??.??"]
[EventType "swiss"]
[EventRounds "5"]
[EventCountry "CAN"]
[SourceTitle "EXT 2006"]
[Source "ChessBase"]
[SourceDate "2005.11.24"]
[SourceVersion "1"]
[SourceVersionDate "2005.11.24"]
[SourceQuality "1"]

1. e4 e5 2. Bc4 Bc5 3. Nf3 Nc6 4. a3 Nf6 5. Nc3 O-O 6. O-O d6 7. d3 Bg4 8. h3 Bxf3 9. Qxf3 h6 10. Nd5 Nd4 11. Qd1 Nxd5 12. Bxd5 c6 13. Ba2 Nb5 14. Qg4 Qf6 15. Qg3 Nd4 16. Qg4 Nxc2 17. Rb1 Nd4 18. Be3 Nb5 19. Bxc5 dxc5 20. Rbc1 b6 21. f4 Rad8 22. Bc4 Nc7 23. Kh1 b5 24. Ba2 Rxd3 25. Rxc5 Na6 26. Rxe5 Rd2 27. Rb1 b4 28. Bc4 c5 29. Bxa6 Qxa6 30. Rxc5 bxa3 31. bxa3 Qxa3 32. Rbc1 a5 33. Rc8 a4 34. Rxf8+ Qxf8 35. Rc8 Rd8 36. Qd1 Rxc8 0-1

[Event "Sherbrooke op-C"]
[Site "Sherbrooke CAN"]
[Date "2004.05.30"]
[Round "4"]
[White "Boissonneault, Benoit"]
[Black "Belfer, Leon"]
[Result "1-0"]
[WhiteElo "1414"]
[BlackElo "1390"]
[PlyCount "109"]
[GameId "2160767911225823"]
[EventDate "2004.??.??"]
[EventType "swiss"]
[EventRounds "5"]
[EventCountry "CAN"]
[SourceTitle "EXT 2006"]
[Source "ChessBase"]
[SourceDate "2005.11.24"]
[SourceVersion "1"]
[SourceVersionDate "2005.11.24"]
[SourceQuality "1"]

1. d4 d5 2. Nf3 Nf6 3. Bg5 e6 4. e3 Be7 5. c4 O-O 6. Nbd2 Nbd7 7. Rc1 b6 8. Be2 Bb7 9. O-O c5 10. Qb3 Bc6 11. Rfd1 dxc4 12. Bxc4 b5 13. Be2 c4 14. Qc2 Rc8 15. Ne5 Nd5 16. Bxe7 Qxe7 17. Nxc6 Rxc6 18. b3 c3 19. Bxb5 cxd2 20. Qxc6 dxc1=Q 21. Rxc1 N7b6 22. e4 Nf6 23. Qc7 Qxc7 24. Rxc7 Rc8 25. Rxc8+ Nxc8 26. f3 Kf8 27. Kf2 Ke7 28. Ke3 Nd6 29. Ba6 Nfe8 30. a3 Nc7 31. Be2 Ndb5 32. a4 Nd6 33. Kd2 Kd7 34. Kc3 f5 35. Bd3 g6 36. g3 Nde8 37. h4 Nf6 38. Kb4 fxe4 39. Bxe4 Nxe4 40. fxe4 Kd6 41. Kc4 e5 42. d5 Ne8 43. b4 Nf6 44. Kd3 h6 45. Ke3 Nd7 46. Kd3 Nb6 47. a5 Nd7 48. Kd2 Nf6 49. Kd3 Nh5 50. g4 Nf6 51. g5 hxg5 52. hxg5 Nh7 53. b5 Kc5 54. b6 axb6 55. a6 1-0

[Event "Sherbrooke op-C"]
[Site "Sherbrooke CAN"]
[Date "2004.05.30"]
[Round "4"]
[White "Charbonneau, Yves"]
[Black "Olivier, Luc"]
[Result "1/2-1/2"]
[WhiteElo "1222"]
[BlackElo "1175"]
[PlyCount "156"]
[GameId "2160767911225824"]
[EventDate "2004.??.??"]
[EventType "swiss"]
[EventRounds "5"]
[EventCountry "CAN"]
[SourceTitle "EXT 2006"]
[Source "ChessBase"]
[SourceDate "2005.11.24"]
[SourceVersion "1"]
[SourceVersionDate "2005.11.24"]
[SourceQuality "1"]

1. e4 e5 2. Nf3 Nc6 3. Bb5 a6 4. Ba4 d6 5. c3 b5 6. Bc2 Nf6 7. O-O Be7 8. Re1 O-O 9. h3 Bb7 10. d4 h6 11. Nbd2 Re8 12. d5 Nb8 13. Nf1 Nbd7 14. Ng3 Nf8 15. Nf5 Ng6 16. Nxe7+ Nxe7 17. b4 Ng6 18. a4 Qd7 19. a5 Red8 20. c4 bxc4 21. Ba4 Qc8 22. Qc2 Ne8 23. Qxc4 f6 24. Be3 Kh7 25. Rac1 Qb8 26. Bxe8 Rxe8 27. Qxc7 Rc8 28. Qxb8 Raxb8 29. Bb6 Nf4 30. Rxc8 Rxc8 31. Rb1 Nd3 32. Kh2 Rc4 33. Nd2 Rxb4 34. Rxb4 Nxb4 35. Nc4 Bc8 36. Nxd6 Bd7 37. f3 Nd3 38. Nb7 Kg8 39. Nc5 Nxc5 40. Bxc5 Kf7 41. g4 g6 42. Kg3 Bb5 43. f4 exf4+ 44. Kxf4 Bc4 45. h4 Bb3 46. g5 hxg5+ 47. hxg5 fxg5+ 48. Kxg5 Bc4 49. d6 Be6 50. e5 Bd7 51. Bb6 Be6 52. Bd8 Bd7 53. Bf6 Be6 54. Kf4 Bd7 55. Ke4 Be6 56. Kd4 Bd7 57. Kc5 Ke6 58. Kb6 Bb5 59. Kc7 Bd7 60. Kd8 Bb5 61. Kc7 Bd7 62. Kb7 Bb5 63. Kb6 g5 64. Bxg5 Kxe5 65. Be7 Ke6 66. Kc7 Ba4 67. Bf8 Bd7 68. Kb7 Bb5 69. Kb6 Kd7 70. Be7 Bd3 71. Kb7 Bb5 72. Kb6 Be2 73. Kb7 Bb5 74. Bf8 Be2 75. Be7 Bb5 76. Bf8 Be2 77. Kb8 Bb5 78. Kb7 Be2 1/2-1/2

[Event "Sherbrooke op-C"]
[Site "Sherbrooke CAN"]
[Date "2004.05.30"]
[Round "4"]
[White "Gareau, Jacques"]
[Black "Beaudry, Marc-Andre"]
[Result "1/2-1/2"]
[WhiteElo "1252"]
[BlackElo "1421"]
[PlyCount "107"]
[GameId "2160767911225826"]
[EventDate "2004.??.??"]
[EventType "swiss"]
[EventRounds "5"]
[EventCountry "CAN"]

1. e4 c5 2. b4 e6 3. b5 a6 4. c4 axb5 5. cxb5 d5 6. e5 Nd7 7. f4 b6 8. h4 f6 9. Nf3 Nh6 10. Bd3 Bb7 11. Qc2 f5 12. Ng5 Qe7 13. O-O Ng4 14. Be2 h6 15. Bxg4 hxg5 16. Bxf5 exf5 17. hxg5 g6 18. d4 cxd4 19. Ba3 Rc8 20. Qd3 Qe6 21. Bd6 Bxd6 22. exd6 Qe3+ 23. Qxe3+ dxe3 24. Na3 Kf7 25. Rac1 Rxc1 26. Rxc1 Nc5 27. Rc3 d4 28. Rc4 d3 29. Rd4 Rd8 30. Nc4 e2 31. Kf2 Ne4+ 32. Ke1 Ke6 33. d7 Rxd7 34. Rxd7 Kxd7 35. Ne5+ Ke6 36. Nxd3 Nc3 37. a4 Nxa4 38. g3 Nc3 39. Ne5 Nxb5 40. Kxe2 Nc3+ 41. Kf2 Ne4+ 42. Ke3 Nxg3 43. Nxg6 Kf7 44. Ne5+ Kg7 45. Nd7 b5 46. Kd4 Ne2+ 47. Ke5 b4 48. Nc5 Kg6 49. Nd3 b3 50. Nb2 Ba6 51. Nd1 Bd3 52. Nb2 Ng3 53. Nxd3 Ne2 54. Nb2 1/2-1/2